Manager's guide to social media / (Record no. 59179)

MARC details
000 -LEADER
fixed length control field 01105nam a22003137a 4500
005 - DATE AND TIME OF LATEST TRANSACTION
control field 20111209110855.0
008 - FIXED-LENGTH DATA ELEMENTS--GENERAL INFORMATION
fixed length control field 111209t xxu||||| |||| 00| 0 eng d
010 ## - LCCN (DPL NO)
LC control number ENG-104296
020 ## - INTERNATIONAL STANDARD BOOK NUMBER
International Standard Book Number 9780071332514
Terms of availability 325.00
020 ## - INTERNATIONAL STANDARD BOOK NUMBER
International Standard Book Number 0071332510
Terms of availability 325.00
035 ## - SYSTEM CONTROL NUMBER
System control number EN -87829
037 ## - SOURCE OF ACQUISITION
Source of stock number/acquisition DBAD/PUB
040 ## - CATALOGING SOURCE
Original cataloging agency DPL
Language of cataloging Eng
082 ## - DEWEY DECIMAL CLASSIFICATION NUMBER
Classification number 006.702465
100 ## - MAIN ENTRY--PERSONAL NAME
9 (RLIN) 36352
Personal name Klososky, scott
245 ## - TITLE STATEMENT
Title Manager's guide to social media /
Statement of responsibility, etc by Scott Klososky
260 ## - PUBLICATION, DISTRIBUTION, ETC. (IMPRINT)
Place of publication, distribution, etc New Delhi
Name of publisher, distributor, etc Tata McGraw Hill
Date of publication, distribution, etc 2011
270 ## - ADDRESS
Address 7 West Patel Nagar
City New Delhi
Postal code 110008
300 ## - PHYSICAL DESCRIPTION
Extent xiii,193p.
Dimensions 23cm(pbk)
500 ## - GENERAL NOTE
General note Includes index
610 ## - SUBJECT ADDED ENTRY--CORPORATE NAME
9 (RLIN) 36477
650 ## - SUBJECT ADDED ENTRY--TOPICAL TERM
9 (RLIN) 36353
Topical term or geographic name as entry element Personal Internet use in the workplace.
650 ## - SUBJECT ADDED ENTRY--TOPICAL TERM
9 (RLIN) 36481
Topical term or geographic name as entry element Social media.
650 ## - SUBJECT ADDED ENTRY--TOPICAL TERM
Topical term or geographic name as entry element Information technology
General subdivision Management.
9 (RLIN) 36757
650 ## - SUBJECT ADDED ENTRY--TOPICAL TERM
Topical term or geographic name as entry element Management
General subdivision Social aspects.
9 (RLIN) 36758
700 ## - ADDED ENTRY--PERSONAL NAME
9 (RLIN) 36394
942 ## - ADDED ENTRY ELEMENTS (KOHA)
Source of classification or shelving scheme Dewey Decimal Classification
Item type English Books
Call number suffix KLO
Classification part 006.702465
Holdings
Withdrawn status Lost status Source of classification or shelving scheme Damaged status Not for loan Collection code Home library Current library Date acquired Source of acquisition Cost, normal purchase price Total Checkouts Full call number Barcode Date last seen Copy number Cost, replacement price Koha item type
    Dewey Decimal Classification   Not For Loan Non-fiction D.B.Act.Division D.B.Act.Division 09/12/2011 DBAD/PUB 325.00   006.702465 KLO EN -87829 09/12/2011 1 325.00 English Books

© Delhi Public Library
Hit Counter
free hit counter